[Event "World Rapid 2022"]
[Site "Almaty KAZ"]
[Date "2022.12.27"]
[Round "9.51"]
[White "Nogerbek, Kazybek"]
[Black "Ponkratov, Pavel"]
[Result "1-0"]
[WhiteTitle "IM"]
[BlackTitle "GM"]
[WhiteElo "2468"]
[BlackElo "2577"]
[WhiteFideId "13710427"]
[BlackFideId "4157800"]
[EventDate "2022.12.26"]

1. d4 Nf6 2. Nf3 c5 3. c3 e6 4. Bf4 Nc6 5. e3 Nh5 6. Bg5 Qb6 7. Qc2 h6 8. Bh4 g5
9. Bg3 Nxg3 10. hxg3 Bg7 11. Nbd2 d5 12. Be2 Bd7 13. a3 Rc8 14. Qb3 g4 15. Qxb6
axb6 16. Nh4 h5 17. Bd3 Ne7 18. b4 e5 19. bxc5 bxc5 20. Rb1 cxd4 21. cxd4 Rc3
22. Ke2 exd4 23. Rxb7 Bc8 24. Bb5+ Kf8 25. Ra7 dxe3 26. fxe3 Bh6 27. Bd3 Bg5 28.
Rb1 Kg7 29. Rb3 Rc6 30. a4 Re6 31. Nf5+ Nxf5 32. Bxf5 Ba6+ 33. Kd1 Rf6 34. Bd3
Bc8 35. Ra8 Bd7 36. Rxh8 Kxh8 37. Bb5 Be6 38. Ra3 Rf2 39. a5 Rxg2 40. a6 d4 41.
a7 Bd5 42. a8=Q+ Bxa8 43. Rxa8+ Kg7 44. Ne4 Bxe3 45. Bc4 d3 46. Bxd3 f5 47. Nd6
Rd2+ 48. Ke1 Rxd3 49. Nxf5+ Kf6 50. Ke2 Kxf5 51. Kxd3 Bb6 52. Rc8 Kg5 53. Ke4
Bf2 54. Rg8+ Kh6 55. Kf4 Kh7 56. Re8 Kg6 57. Re6+ Kf7 58. Re2 Bc5 59. Kg5 1-0

[Event "World Rapid 2022"]
[Site "Almaty KAZ"]
[Date "2022.12.27"]
[Round "9.52"]
[White "Gadimbayli, Abdulla"]
[Black "Adhiban, Baskaran"]
[Result "0-1"]
[WhiteTitle "GM"]
[BlackTitle "GM"]
[WhiteElo "2524"]
[BlackElo "2611"]
[WhiteFideId "13404938"]
[BlackFideId "5018471"]
[EventDate "2022.12.26"]

1. e4 c5 2. Nf3 Nc6 3. Bb5 d6 4. O-O Bd7 5. Re1 a6 6. Bf1 Bg4 7. c3 e6 8. h3
Bxf3 9. Qxf3 Nf6 10. d3 Be7 11. Qg3 Rg8 12. Qe3 g5 13. d4 g4 14. dxc5 d5 15. Nd2
d4 16. cxd4 Nxd4 17. Qc3 gxh3 18. g3 h5 19. Bxh3 h4 20. Nb3 Nxb3 21. axb3 hxg3
22. f4 g2 23. b4 a5 24. Qc4 Rc8 25. Rxa5 Qxa5 26. bxa5 Bxc5+ 27. Qxc5 Rxc5 28.
b4 Rc3 29. Be3 Rg3 30. Bd4 Rxh3 0-1

[Event "World Rapid 2022"]
[Site "Almaty KAZ"]
[Date "2022.12.27"]
[Round "9.53"]
[White "Fedorov, Alexei"]
[Black "Sankalp, Gupta"]
[Result "1-0"]
[WhiteTitle "GM"]
[BlackTitle "GM"]
[WhiteElo "2475"]
[BlackElo "2485"]
[WhiteFideId "13500465"]
[BlackFideId "5097010"]
[EventDate "2022.12.26"]

1. e4 c6 2. Ne2 d5 3. e5 c5 4. d4 Nc6 5. c3 Bf5 6. dxc5 Nxe5 7. Ng3 Bc8 8. Bb5+
Nc6 9. O-O e6 10. b4 Nf6 11. Nd2 Be7 12. Nf3 O-O 13. Qe2 Qc7 14. a3 b6 15. cxb6
axb6 16. Bb2 Na7 17. Bd3 b5 18. Nd4 e5 19. Nxb5 Nxb5 20. Bxb5 Bg4 21. f3 Be6 22.
Rac1 h5 23. c4 h4 24. Nh1 e4 25. cxd5 Qb6+ 26. Nf2 exf3 27. gxf3 Nxd5 28. Rc6
Qe3 29. Qxe3 Nxe3 30. Re1 Nd5 31. Bc4 Rfd8 32. Nd3 Bg5 33. f4 Bh6 34. Nc5 Bg4
35. Nb7 Rd7 36. Nc5 Rdd8 37. Nb7 Rd7 38. Rd6 Nxf4 39. Rxd7 Bxd7 40. Re7 Bc6 41.
Rxf7 Nd5 42. Rc7 Rf8 43. Rxc6 Be3+ 44. Kg2 Rf2+ 45. Kh3 Rf3+ 46. Kxh4 Bf2+ 47.
Kg4 Rf4+ 48. Kh3 Rh4+ 49. Kg2 Rxc4 50. Rxc4 Ne3+ 51. Kxf2 1-0

[Event "World Rapid 2022"]
[Site "Almaty KAZ"]
[Date "2022.12.27"]
[Round "9.54"]
[White "Hambleton, Aman"]
[Black "Vallejo Pons, Francisco"]
[Result "0-1"]
[WhiteTitle "GM"]
[BlackTitle "GM"]
[WhiteElo "2437"]
[BlackElo "2716"]
[WhiteFideId "2606577"]
[BlackFideId "2205530"]
[EventDate "2022.12.26"]

1. d4 e6 2. Bf4 b6 3. e3 Bb7 4. Nf3 h6 5. h3 d6 6. c4 Nd7 7. Nc3 g5 8. Bg3 Bg7
9. Bd3 Ne7 10. Qc2 f5 11. O-O-O O-O 12. Kb1 a6 13. Rhg1 Qe8 14. Nd2 e5 15. Nb3
Rc8 16. f3 Kh8 17. Bf2 Nf6 18. d5 c6 19. dxc6 Bxc6 20. Qe2 b5 21. cxb5 axb5 22.
Bxb5 Ned5 23. Nxd5 Bxb5 24. Qd2 e4 25. Nxf6 Bxf6 26. Rc1 Bd3+ 27. Ka1 Ra8 28.
Qb4 0-1

[Event "World Rapid 2022"]
[Site "Almaty KAZ"]
[Date "2022.12.27"]
[Round "9.55"]
[White "Arjun, Kalyan"]
[Black "Narayanan, S.L."]
[Result "1/2-1/2"]
[WhiteTitle "GM"]
[BlackTitle "GM"]
[WhiteElo "2505"]
[BlackElo "2669"]
[WhiteFideId "35018701"]
[BlackFideId "5058422"]
[EventDate "2022.12.26"]

1. e4 e5 2. Nf3 Nc6 3. Bc4 Bc5 4. d3 Nf6 5. Bg5 h6 6. Bh4 Be7 7. a4 d6 8. h3 O-O
9. O-O Kh8 10. Nbd2 Nh7 11. Bxe7 Qxe7 12. c3 f5 13. Re1 fxe4 14. Nxe4 Qd8 15.
Ng3 Ng5 16. Nxg5 Qxg5 17. b4 Ne7 18. d4 exd4 19. Qxd4 Nc6 20. Qe3 Qxe3 21. Rxe3
Ne5 22. Bd5 a5 23. Ne2 g5 24. b5 Rb8 25. Nd4 Bd7 26. Nf3 Ng6 27. Nd2 Ne5 28. Nf3
Ng6 29. Nd2 Rfe8 30. Rxe8+ Bxe8 31. Nc4 Nf4 32. Bf3 b6 33. Ne3 Bf7 34. g3 Nd3
35. Bd5 Rf8 36. Rd1 Bg6 37. Rd2 Nc5 38. Rd4 Kg7 39. f4 gxf4 40. gxf4 Re8 41. Kf2
Nd3+ 42. Ke2 Nc5 43. Kf3 Bh5+ 44. Kf2 Bg6 45. Kf3 Bh5+ 46. Kf2 Bg6 47. Kf3 Bh5+ 1/2-1/2

[Event "World Rapid 2022"]
[Site "Almaty KAZ"]
[Date "2022.12.27"]
[Round "9.56"]
[White "Harsha, Bharathakoti"]
[Black "Muradli, Mahammad"]
[Result "1-0"]
[WhiteTitle "GM"]
[BlackTitle "GM"]
[WhiteElo "2593"]
[BlackElo "2540"]
[WhiteFideId "5078776"]
[BlackFideId "13409301"]
[EventDate "2022.12.26"]

1. c4 g6 2. Nc3 Bg7 3. d4 d6 4. e4 Nf6 5. Nf3 O-O 6. Be2 e5 7. Be3 exd4 8. Nxd4
Re8 9. Qc2 c6 10. O-O Qe7 11. Rae1 a6 12. Bf3 Bg4 13. h3 Bxf3 14. Nxf3 b5 15. c5
Nbd7 16. cxd6 Qxd6 17. Rd1 Qc7 18. Nd5 Nxd5 19. Rxd5 Rac8 20. Rdd1 c5 21. b3 c4
22. bxc4 bxc4 23. Bd4 Ne5 24. Nxe5 Bxe5 25. Qc3 Qc5 26. Bxe5 Rxe5 27. Rd4 Qa5
28. Rc1 Qxa2 29. Rxc4 Qxc4 30. Qxc4 Rxc4 31. Rxc4 Re8 32. Ra4 Ra8 33. f4 a5 34.
Kf2 Kf8 35. Ke3 Ke7 36. e5 Kd7 37. g4 Kc6 38. f5 Kb5 39. Ra1 a4 40. Ke4 Kc6 41.
Ra3 Kc5 42. e6 fxe6 43. f6 Kd6 44. Rd3+ Kc7 45. Ke5 a3 46. f7 a2 47. Rd1 Kc6 48.
Ra1 Kc5 49. Rxa2 1-0

[Event "World Rapid 2022"]
[Site "Almaty KAZ"]
[Date "2022.12.27"]
[Round "9.57"]
[White "Madaminov, Mukhiddin"]
[Black "Tari, Aryan"]
[Result "1/2-1/2"]
[WhiteTitle "IM"]
[BlackTitle "GM"]
[WhiteElo "2438"]
[BlackElo "2659"]
[WhiteFideId "14210703"]
[BlackFideId "1510045"]
[EventDate "2022.12.26"]

1. d4 d5 2. Nc3 Nf6 3. Bf4 g6 4. Qd2 Bg7 5. Bh6 Bxh6 6. Qxh6 c6 7. e3 b5 8. Bd3
b4 9. Nce2 c5 10. dxc5 e5 11. Nf3 Qe7 12. c3 Bd7 13. Bc2 Na6 14. O-O-O Ng4 15.
Qg7 O-O-O 16. Rxd5 Rhg8 17. Qxh7 Rh8 18. Qg7 Rhg8 19. Qh7 Rh8 20. Qg7 Rhg8 21.
Qh7 Rh8 1/2-1/2

[Event "World Rapid 2022"]
[Site "Almaty KAZ"]
[Date "2022.12.27"]
[Round "9.58"]
[White "Utegaliyev, Azamat"]
[Black "Ghaem Maghami, Ehsan"]
[Result "0-1"]
[BlackTitle "GM"]
[WhiteElo "2445"]
[BlackElo "2490"]
[WhiteFideId "13702467"]
[BlackFideId "12500739"]
[EventDate "2022.12.26"]

1. e4 c6 2. c4 d5 3. cxd5 cxd5 4. exd5 Nf6 5. Qa4+ Nbd7 6. Nc3 a6 7. Nf3 g6 8.
Bc4 Rb8 9. Bb3 b5 10. Qh4 Nc5 11. O-O b4 12. Na4 Nxb3 13. axb3 Bg7 14. d6 Qxd6
15. d4 Rb5 16. Bf4 Qd8 17. Nc5 h6 18. Rfe1 g5 19. Qg3 Nh5 20. Bc7 Nxg3 21. Bxd8
Nf5 22. Bc7 Nxd4 23. Nxd4 Bxd4 24. Rad1 Rxc5 25. Bb6 Bxf2+ 26. Kxf2 Rc2+ 27. Kg3
O-O 28. Rxe7 Rxb2 29. h4 Rxb3+ 30. Kf2 gxh4 31. Bc5 Be6 32. Rd4 Rc8 33. Bxb4
Rb2+ 34. Bd2 Rc5 35. Re8+ Kh7 36. Red8 Rh5 37. Kg1 h3 38. gxh3 Rxh3 39. R8d6 Ra2
40. Kg2 Rb3 41. Kf2 a5 42. Rh4 Kg7 43. Ke1 Rb1+ 44. Ke2 h5 45. Kd3 Rd1 46. Ke3
Ra3+ 47. Kf2 Bg4 48. Rd4 Rf3+ 49. Kg2 Rdf1 50. Bxa5 R3f2+ 51. Kg3 Rf3+ 52. Kg2
R1f2+ 53. Kg1 f5 54. Bc7 f4 55. Be5+ Kg6 56. Bxf4 Rxf4 57. Rd5 Rf5 58. Rxf5 Rxf5
59. Rh2 Kg5 60. Rd2 Re5 61. Rc2 Re2 62. Rc3 Kf4 63. Kf1 Rb2 64. Kg1 h4 65. Rc1
Kg3 66. Rf1 Bf3 67. Rf2 Rb1+ 0-1

[Event "World Rapid 2022"]
[Site "Almaty KAZ"]
[Date "2022.12.27"]
[Round "9.59"]
[White "Urazayev, Arystanbek"]
[Black "Harutyunyan, Tigran K."]
[Result "1/2-1/2"]
[WhiteTitle "IM"]
[BlackTitle "GM"]
[WhiteElo "2465"]
[BlackElo "2511"]
[WhiteFideId "13709810"]
[BlackFideId "13303635"]
[EventDate "2022.12.26"]

1. e4 e5 2. Nf3 Nc6 3. Nc3 Nf6 4. d4 exd4 5. Nxd4 Bb4 6. Nxc6 bxc6 7. Bd3 d5 8.
Bd2 O-O 9. O-O Bxc3 10. Bxc3 dxe4 11. Bxf6 Qxf6 12. Bxe4 Qxb2 13. Bxc6 Rb8 14.
Rb1 Qxb1 15. Qxb1 Rxb1 16. Rxb1 Rd8 17. Bf3 Kf8 18. Rb8 Re8 19. h4 Ba6 20. Rb4
Re6 21. Rb8+ Re8 22. Rb3 Bc4 23. Ra3 a6 24. Ra4 Bb5 25. Ra5 Re1+ 26. Kh2 Rc1 27.
Be4 h6 28. Kg3 Ke7 29. Kf4 g6 30. g4 Kd6 31. Ra3 c5 32. f3 c4 33. Re3 Rh1 34.
Kg3 Ra1 35. a3 a5 36. g5 hxg5 37. hxg5 Ra2 38. Kf4 a4 39. Rc3 Ra1 40. Bb7 Rc1
41. Ke4 Kc5 42. f4 Bd7 43. Ke5 Bf5 44. Re3 Rxc2 45. Bd5 Rb2 46. Bxf7 Rb3 47. Re1
c3 48. Rc1 c2 49. Bxg6 Bxg6 50. f5 Bxf5 51. Kxf5 Rf3+ 52. Ke4 Rxa3 53. Rxc2+ Kd6
54. Kf5 Rf3+ 55. Kg4 Rf8 56. g6 a3 57. Kg5 Ra8 58. Ra2 Kc5 59. g7 Kb4 60. Kh6
Kb3 61. Rf2 a2 62. Rxa2 1/2-1/2

[Event "World Rapid 2022"]
[Site "Almaty KAZ"]
[Date "2022.12.27"]
[Round "9.60"]
[White "Jumabayev, Rinat"]
[Black "Batsuren, Dambasuren"]
[Result "1-0"]
[WhiteTitle "GM"]
[BlackTitle "GM"]
[WhiteElo "2609"]
[BlackElo "2525"]
[WhiteFideId "13702661"]
[BlackFideId "4902920"]
[EventDate "2022.12.26"]

1. Nf3 Nf6 2. c4 e6 3. g3 d5 4. Bg2 Be7 5. O-O O-O 6. d4 dxc4 7. a4 Nc6 8. Na3
Na5 9. Qc2 Bd7 10. Nxc4 Nxc4 11. Qxc4 Bc6 12. Bf4 a5 13. Rfd1 Bd6 14. Qc1 Bxf4
15. Qxf4 Qd6 16. Rdc1 Ra6 17. Qxd6 cxd6 18. Nd2 d5 19. e3 Rc8 20. Rc3 Raa8 21.
Bf1 Ne8 22. Nf3 Nd6 23. Ne5 Be8 24. Rb3 Kf8 25. Nd3 Rc6 26. Be2 Rac8 27. Kf1 Ke7
28. Ke1 f6 29. h4 b6 30. h5 Bd7 31. g4 h6 32. f3 Nc4 33. Nf4 Nd6 34. Kd1 R8c7
35. Bd3 Kd8 36. Ne2 Nc4 37. Bxc4 Rxc4 38. Rxb6 Rxa4 39. Rxa4 Bxa4+ 40. Ke1 Bd7
41. Kd2 a4 42. Nf4 Ke7 43. Nd3 Ra7 44. Nc5 e5 45. dxe5 fxe5 46. Rg6 Kf8 47. Rd6
Bb5 48. Rxd5 Bc6 49. Rxe5 Bxf3 50. Rf5+ Rf7 1-0

[Event "World Rapid 2022"]
[Site "Almaty KAZ"]
[Date "2022.12.27"]
[Round "9.61"]
[White "Pantsulaia, Levan"]
[Black "Munkhgal, Gombosuren"]
[Result "1-0"]
[WhiteTitle "GM"]
[BlackTitle "GM"]
[WhiteElo "2597"]
[BlackElo "2463"]
[WhiteFideId "13602071"]
[BlackFideId "4901266"]
[EventDate "2022.12.26"]

1. Nf3 d5 2. c4 e6 3. g3 a6 4. b3 b5 5. Bg2 Bb7 6. O-O Nf6 7. cxd5 exd5 8. d4
Ne4 9. Bb2 Be7 10. Nbd2 O-O 11. Ne5 f6 12. Nd3 Bd6 13. Rc1 Nd7 14. Qc2 Qe7 15.
Rfd1 Rae8 16. e3 h5 17. Nf3 g5 18. Nfe1 g4 19. Nf4 Qh7 20. f3 Ng5 21. fxg4 hxg4
22. Bxd5+ Bxd5 23. Qxh7+ Kxh7 24. Nxd5 c5 25. dxc5 Bxc5 26. b4 Bd6 27. Nc7 Nh3+
28. Kf1 Rxe3 29. Rxd6 Ne5 30. Nd5 Re4 31. Rxf6 Rd8 32. Rc7+ Rd7 1-0

[Event "World Rapid 2022"]
[Site "Almaty KAZ"]
[Date "2022.12.27"]
[Round "9.62"]
[White "Khusenkhojaev, Mustafokhuja"]
[Black "Durarbayli, Vasif"]
[Result "1/2-1/2"]
[BlackTitle "GM"]
[WhiteElo "2265"]
[BlackElo "2612"]
[WhiteFideId "14700727"]
[BlackFideId "13402935"]
[EventDate "2022.12.26"]

1. d4 d5 2. Nf3 Nf6 3. c4 c6 4. Nc3 e6 5. Bg5 dxc4 6. e4 b5 7. e5 h6 8. Bh4 g5
9. Nxg5 hxg5 10. Bxg5 Be7 11. exf6 Bxf6 12. Bxf6 Qxf6 13. g3 Na6 14. Bg2 Bb7 15.
a4 O-O-O 16. axb5 cxb5 17. O-O Rxd4 18. Qe2 Bxg2 19. Kxg2 Nc7 20. Rxa7 Qf5 21.
f4 b4 22. Qf2 Qh3+ 23. Kg1 bxc3 24. bxc3 Rd7 25. Rfa1 Qh5 26. Ra8+ Nxa8 27.
Rxa8+ Kc7 28. Qa7+ Kc6 29. Qa4+ Kd6 30. Qb4+ Qc5+ 31. Qxc5+ Kxc5 32. Rxh8 Rd3
33. Rc8+ Kb5 34. Rb8+ Ka5 35. Kf2 Rxc3 36. h4 Rb3 37. Rc8 Kb4 38. h5 Rb2+ 39.
Ke3 Rh2 40. Kd4 Rd2+ 41. Ke3 Rd3+ 42. Kf2 f5 43. h6 Rd7 44. Rc6 c3 45. Rxe6 Rc7
46. Re1 c2 47. Rc1 Kb3 48. g4 Kb2 49. Rxc2+ Rxc2+ 50. Kg3 fxg4 51. Kxg4 Kc3 52.
Kg5 Kd4 53. h7 Rh2 54. Kg6 Ke4 55. Kg7 1/2-1/2

[Event "World Rapid 2022"]
[Site "Almaty KAZ"]
[Date "2022.12.27"]
[Round "9.63"]
[White "Makhnev, Denis"]
[Black "Uskov, Artem"]
[Result "0-1"]
[WhiteTitle "GM"]
[BlackTitle "FM"]
[WhiteElo "2481"]
[BlackElo "2376"]
[WhiteFideId "13707647"]
[BlackFideId "34254854"]
[EventDate "2022.12.26"]

1. d4 Nf6 2. c4 e6 3. g3 d5 4. Nf3 Bb4+ 5. Bd2 Be7 6. Bg2 O-O 7. O-O c6 8. Qc2
Nbd7 9. Rd1 b6 10. Bf4 Ba6 11. Ne5 Nxe5 12. dxe5 Nd7 13. cxd5 cxd5 14. e4 Rc8
15. Nc3 d4 16. Rxd4 Qc7 17. Rad1 Rfd8 18. Qd2 Nf8 19. Rd6 Ng6 20. Rd7 Qb8 21. h4
Rxd7 22. Qxd7 Bxh4 23. Be3 Be7 24. f4 Rd8 25. Qa4 Rxd1+ 26. Nxd1 Qc8 27. Nf2 h5
28. Bf1 Bxf1 29. Kxf1 h4 30. g4 Bc5 31. Qc4 Qd8 32. Bxc5 bxc5 33. f5 Nxe5 34.
Qxc5 Nxg4 35. Qxa7 h3 36. Nxg4 Qd1+ 37. Kf2 Qxg4 38. Qb8+ Kh7 39. Qg3 Qh5 40.
Qf3 Qh6 41. Kg1 Qc1+ 42. Kh2 Qxb2+ 43. Kxh3 Qxa2 44. Qg3 Qd2 45. fxe6 Qh6+ 46.
Kg2 Qxe6 47. Qe3 g6 48. Qf4 Kg7 49. e5 Qf5 50. Qxf5 gxf5 51. Kg3 Kh6 52. Kf4 Kg6 0-1

[Event "World Rapid 2022"]
[Site "Almaty KAZ"]
[Date "2022.12.27"]
[Round "9.64"]
[White "Sychev, Klementy"]
[Black "Sapenov, Daniyal"]
[Result "1/2-1/2"]
[WhiteTitle "GM"]
[BlackTitle "FM"]
[WhiteElo "2556"]
[BlackElo "2323"]
[WhiteFideId "4114060"]
[BlackFideId "13728911"]
[EventDate "2022.12.26"]

1. d4 Nf6 2. c4 e6 3. Nc3 Bb4 4. Bf4 O-O 5. Qb3 a5 6. a3 Bxc3+ 7. Qxc3 d6 8. f3
Nc6 9. e4 Re8 10. O-O-O Qe7 11. Ne2 e5 12. Be3 exd4 13. Nxd4 Qe5 14. Nb5 Qxc3+
15. Nxc3 Be6 16. Nd5 Rac8 17. Bd2 Nd7 18. Bc3 f5 19. exf5 Bxf5 20. g4 Bg6 21.
Re1 Rxe1+ 22. Bxe1 Nc5 23. Bc3 Kf8 24. b4 axb4 25. axb4 Nd3+ 26. Kd2 Nde5 27.
Be2 Nd7 28. Ra1 Bf7 29. Ne3 Re8 30. h4 Nb6 31. h5 d5 32. cxd5 Nxd5 33. Nxd5 Bxd5
34. f4 Nd8 35. Ra8 g6 36. hxg6 hxg6 37. Bd3 Bf7 38. Be5 Nc6 39. Rxe8+ Kxe8 40.
Bc3 Ne7 41. Ke2 Nd5 42. Bd2 Nb6 43. Kf3 Nc4 44. Bc3 Nd6 45. Kg3 Nc8 46. Kh4 Ne7
47. Kg5 Nd5 48. Bd2 Ne7 49. Bc1 c6 50. Be3 Nd5 51. Bd2 Ne7 52. Kf6 Nd5+ 53. Kg7
Ne7 54. Kh6 Be6 55. Kg5 Bf7 56. Be4 Kf8 57. Be3 Ke8 58. Bc5 Nd5 59. Bxd5 cxd5
60. Kf6 d4 61. Bxd4 Kf8 62. Bc5+ Kg8 63. b5 Be8 64. b6 Bd7 65. f5 gxf5 66. gxf5
Bc8 67. Bb4 Bd7 68. Ba3 Bc8 69. Kg6 Bd7 70. Bb4 Be8+ 71. Kf6 Bd7 72. Ke5 Kf7 73.
f6 Bc6 1/2-1/2

[Event "World Rapid 2022"]
[Site "Almaty KAZ"]
[Date "2022.12.27"]
[Round "9.65"]
[White "Aleksandrov, Aleksej"]
[Black "Ansat, Aldiyar"]
[Result "1/2-1/2"]
[WhiteTitle "GM"]
[BlackTitle "IM"]
[WhiteElo "2495"]
[BlackElo "2291"]
[WhiteFideId "13500139"]
[BlackFideId "13715658"]
[EventDate "2022.12.26"]

1. d4 Nf6 2. c4 g6 3. Nc3 d5 4. e3 Bg7 5. Nf3 O-O 6. a3 a6 7. b4 dxc4 8. Bxc4 b5
9. Bd3 Bb7 10. O-O Nbd7 11. a4 bxa4 12. Nxa4 e5 13. Be2 Nd5 14. Qb3 exd4 15.
Nxd4 Re8 16. Rd1 Rb8 17. Ba3 Qg5 18. Nf3 Qf5 19. Rac1 Nf4 20. exf4 Rxe2 21. Nc5
Nxc5 22. bxc5 Qc8 23. Qd3 Bxf3 24. Qxf3 Qe6 25. c6 Bd4 26. f5 Qe5 27. fxg6 hxg6
28. Kh1 Rxf2 29. Qg4 Rf4 30. Qg3 Bf2 31. Qd3 Re8 32. h3 a5 33. Qd7 Re4 34. Rf1
Re2 35. Rcd1 a4 36. Bb4 Qe4 37. Bc3 Rc2 38. Rd3 Rf8 39. Rf3 Bb6 40. Rg3 a3 41.
Re1 Rxc3 42. Rxe4 Rc1+ 43. Kh2 Bg1+ 44. Kh1 Bf2+ 45. Kh2 Bg1+ 46. Kh1 Bf2+ 1/2-1/2

[Event "World Rapid 2022"]
[Site "Almaty KAZ"]
[Date "2022.12.27"]
[Round "9.66"]
[White "Riazantsev, Alexander"]
[Black "Petkov, Momchil"]
[Result "1-0"]
[WhiteTitle "GM"]
[BlackTitle "GM"]
[WhiteElo "2626"]
[BlackElo "2531"]
[WhiteFideId "4125029"]
[BlackFideId "2921642"]
[EventDate "2022.12.26"]

1. d4 Nf6 2. Nf3 d5 3. Bf4 e6 4. e3 c5 5. Bd3 Nc6 6. O-O c4 7. Be2 b5 8. b3 Bd7
9. a4 a6 10. h3 Be7 11. axb5 axb5 12. Nc3 Ra5 13. Ne5 O-O 14. Nxd7 Nxd7 15. Bf3
Bb4 16. Ne2 Nf6 17. c3 Bd6 18. Bg5 Rxa1 19. Qxa1 cxb3 20. e4 dxe4 21. Bxe4 Na5
22. Bxf6 gxf6 23. Qb1 Nc4 24. Rd1 f5 25. Bd3 Na5 26. Bxb5 Qg5 27. c4 Rb8 28. Qd3
Qg7 29. Rb1 Bc7 30. Qe3 Rd8 31. Kf1 Bb6 32. c5 Bc7 33. g3 Kh8 34. Kg2 f4 35. Qe4
fxg3 36. fxg3 Qg5 37. Bd3 Qg7 38. Rf1 Rg8 39. g4 Rf8 40. Ng1 Rb8 41. Nf3 h6 42.
Rf2 b2 43. Bb1 Nc4 44. Qd3 Na5 45. Nd2 f5 46. Nf3 Rb3 47. Qa6 fxg4 48. Nh4 gxh3+
49. Kf1 Rb8 50. Ng6+ Qxg6 51. Bxg6 h2 52. Rxh2 Bxh2 53. Qxa5 b1=Q+ 54. Bxb1
Rxb1+ 55. Kg2 Rb2+ 56. Kf3 Rb8 57. Qd2 Rf8+ 58. Ke4 Bf4 59. Qxf4 1-0

[Event "World Rapid 2022"]
[Site "Almaty KAZ"]
[Date "2022.12.27"]
[Round "9.67"]
[White "Petrov, Nikita"]
[Black "Kostenko, Petr"]
[Result "1-0"]
[WhiteTitle "GM"]
[BlackTitle "GM"]
[WhiteElo "2537"]
[BlackElo "2374"]
[WhiteFideId "4101286"]
[BlackFideId "13700669"]
[EventDate "2022.12.26"]

1. d4 Nf6 2. Bg5 e6 3. e4 h6 4. Bxf6 Qxf6 5. c3 d6 6. Bd3 Nd7 7. Ne2 Qd8 8. O-O
Be7 9. f4 c5 10. Nd2 a6 11. Ng3 O-O 12. Nf3 b5 13. Qe2 Qb6 14. Kh1 Re8 15. a4
bxa4 16. e5 Bb7 17. f5 exf5 18. e6 Nf8 19. exf7+ Kxf7 20. Nxf5 Bf6 21. Qf2 cxd4
22. Nxh6+ gxh6 23. Ng5+ Ke7 24. Qxf6+ Kd7 25. Qg7+ Kc6 26. cxd4 Qb4 27. Be4+
Rxe4 28. Nxe4 Ne6 29. d5+ Kb6 30. dxe6 Bxe4 31. Rad1 Re8 32. Rd4 Qb5 33. Rxd6+
Bc6 34. Rc1 1-0

[Event "World Rapid 2022"]
[Site "Almaty KAZ"]
[Date "2022.12.27"]
[Round "9.68"]
[White "Agmanov, Zhandos"]
[Black "Kadric, Denis"]
[Result "0-1"]
[WhiteTitle "IM"]
[BlackTitle "GM"]
[WhiteElo "2442"]
[BlackElo "2584"]
[WhiteFideId "13708309"]
[BlackFideId "14403803"]
[EventDate "2022.12.26"]

1. d4 d6 2. e4 Nf6 3. Nc3 Nbd7 4. Nf3 e5 5. Bc4 Be7 6. O-O O-O 7. Re1 c6 8. a4
h6 9. h3 Re8 10. a5 Qc7 11. dxe5 dxe5 12. Nh4 Nf8 13. Nf5 Bxf5 14. exf5 Bb4 15.
Ne4 N8h7 16. c3 Bxa5 17. Qf3 Nxe4 18. Rxe4 Nf6 19. Rh4 e4 20. Qe2 Qe5 21. Bf4
Qxf5 22. Bg3 Bb6 23. Rf4 Qg6 24. Bh4 Nd5 25. Rg4 Qe6 26. Bg3 f5 27. Rh4 Kh7 28.
Kh1 Bd8 29. Rf4 g5 0-1

[Event "World Rapid 2022"]
[Site "Almaty KAZ"]
[Date "2022.12.27"]
[Round "9.69"]
[White "Alonso Rosell, Alvar"]
[Black "Zhalmakhanov, Ramazan"]
[Result "1-0"]
[WhiteTitle "GM"]
[BlackTitle "IM"]
[WhiteElo "2561"]
[BlackElo "2401"]
[WhiteFideId "2270544"]
[BlackFideId "13706357"]
[EventDate "2022.12.26"]

1. d4 Nf6 2. c4 e6 3. Nf3 c5 4. d5 exd5 5. cxd5 d6 6. Nc3 g6 7. h3 Bg7 8. Bf4
O-O 9. e3 a6 10. a4 Re8 11. Nd2 Nbd7 12. Be2 Ne5 13. Bh2 b6 14. O-O Bb7 15. f4
Ned7 16. e4 Qc7 17. Bc4 Re7 18. Qc2 Rae8 19. Rae1 Nh5 20. e5 dxe5 21. Nde4 Qd8
22. d6 Re6 23. f5 gxf5 24. Rxf5 Nf4 25. Ng5 b5 26. Bxe6 fxe6 27. Rxf4 Qxg5 28.
Rg4 Qf5 29. Qe2 h5 30. Rg3 b4 31. Rf1 Qh7 32. Nd1 Qh6 33. h4 Nf6 34. Rg5 Ne4 35.
Rxh5 Qg6 36. Rxe5 Rd8 37. h5 Qh7 38. Rxe6 Bd4+ 39. Kh1 Qg7 40. Rg6 Qxg6 41. hxg6
Kg7 42. Rf7+ Kxg6 43. Rxb7 1-0

[Event "World Rapid 2022"]
[Site "Almaty KAZ"]
[Date "2022.12.27"]
[Round "9.70"]
[White "Makarian, Rudik"]
[Black "Zverev, Lev"]
[Result "1-0"]
[WhiteTitle "IM"]
[BlackTitle "FM"]
[WhiteElo "2554"]
[BlackElo "2310"]
[WhiteFideId "44105681"]
[BlackFideId "24250775"]
[EventDate "2022.12.26"]

1. c4 e5 2. Nc3 Nf6 3. Nf3 Nc6 4. e3 d5 5. cxd5 Nxd5 6. Bb5 Nxc3 7. bxc3 Bd6 8.
d4 exd4 9. cxd4 O-O 10. O-O Qe7 11. Rb1 a6 12. Bd3 Nb4 13. e4 Nxd3 14. Qxd3 f6
15. Re1 Kh8 16. Bb2 Be6 17. d5 Bd7 18. Bc3 Rae8 19. Rxb7 Bb5 20. Qc2 Qd7 21. Bd4
Qc8 22. Ra7 c5 23. dxc6 Bxc6 24. e5 fxe5 25. Ng5 Rf5 26. Be3 Ref8 27. Rc1 Bb8
28. Ra8 Rd8 29. Rxb8 Qxb8 30. Qxf5 Be4 31. Qxe4 g6 32. Nf7+ 1-0

[Event "World Rapid 2022"]
[Site "Almaty KAZ"]
[Date "2022.12.27"]
[Round "9.71"]
[White "Munkhdalai, Amilal"]
[Black "Dragnev, Valentin"]
[Result "1/2-1/2"]
[WhiteTitle "FM"]
[BlackTitle "GM"]
[WhiteElo "2142"]
[BlackElo "2556"]
[WhiteFideId "4903250"]
[BlackFideId "1634852"]
[EventDate "2022.12.26"]

1. e4 c6 2. Nf3 d5 3. Nc3 Bg4 4. h3 Bxf3 5. Qxf3 e6 6. d3 Nd7 7. a3 g6 8. Bd2
Bg7 9. g3 Ngf6 10. Bg2 O-O 11. Qe2 Qc7 12. f4 d4 13. Nd1 c5 14. e5 Nd5 15. Nf2
Rfe8 16. O-O Rac8 17. Ne4 Bf8 18. b3 b5 19. a4 a6 20. axb5 axb5 21. Ra6 Nb4 22.
Bxb4 cxb4 23. Nd6 Bxd6 24. Rxd6 Re7 25. Ra1 Nf8 26. Raa6 Qc3 27. Rdb6 Rec7 28.
Ra2 Qc5 29. Rba6 Nd7 30. h4 h5 31. Qf2 Nb6 32. Kh2 Kg7 33. Be4 Nd5 34. Bxd5 Qxd5
35. Rd6 Qb7 36. Rxd4 Qb6 37. Kg2 Rxc2 38. Rxc2 Rxc2 39. Qxc2 Qxd4 40. Kf3 Qg1
41. Qd2 Qf1+ 42. Ke3 Qg1+ 43. Kf3 Qd4 44. Qd1 Qb2 45. d4 Qc3+ 46. Kf2 Qb2+ 47.
Kf3 Qc3+ 48. Kf2 Kf8 49. Kg2 Qe3 50. Kh3 Qe4 51. Kh2 Qe3 52. Kh3 Qe4 53. Kh2 Qc6
54. Qd2 Qc3 55. Qd1 Qc6 56. Qd2 Qc3 57. Qd1 Qb2+ 58. Kh3 Qf2 59. d5 exd5 60.
Qxd5 Qf1+ 61. Kh2 Qe2+ 62. Kh3 Kg7 63. Qd4 Qe1 64. Kh2 Qe2+ 65. Kg1 Qe1+ 66. Kg2
Qc3 67. Qd5 Qc2+ 68. Kg1 Qe2 69. Qd4 Qe1+ 70. Kg2 Kh7 71. Qd5 Qe2+ 72. Kh3 Qf1+
73. Kh2 Qf2+ 74. Kh3 Qf1+ 75. Kh2 Qe2+ 76. Kh3 Kg7 77. Qd4 Qf1+ 78. Kh2 Qe2+ 79.
Kh3 Qf1+ 80. Kh2 Kh7 81. Qd5 Qe2+ 82. Kh3 Qf1+ 83. Kh2 Kg7 84. Qd4 Kg8 85. Qxb4
Qf2+ 86. Kh3 Qf1+ 87. Kh2 Qf2+ 88. Kh3 Qg1 89. Qe4 b4 90. e6 Qf1+ 91. Qg2 Qd1
92. exf7+ Kxf7 93. Qb7+ Kg8 94. Qc8+ Kg7 95. Qb7+ Kg8 96. Qb8+ Kf7 97. Qc7+ Kf8
98. Qc8+ Kg7 1/2-1/2